Understanding and marketing effective use of statistics (Record no. 60659)

MARC details
000 -LEADER
fixed length control field 00560nam a2200157 a 4500
008 - FIXED-LENGTH DATA ELEMENTS--GENERAL INFORMATION
fixed length control field 120416s1985 ||||||||||||||||| || u
020 ## - INTERNATIONAL STANDARD BOOK NUMBER
International Standard Book Number 0946679126
050 ## - LIBRARY OF CONGRESS CALL NUMBER
Classification number HA 29 Sey
100 ## - MAIN ENTRY--PERSONAL NAME
Personal name Seymour-Smith, Leonard
245 10 - TITLE STATEMENT
Title Understanding and marketing effective use of statistics
246 ## - VARYING FORM OF TITLE
Title proper/short title checklist & guide
260 ## - PUBLICATION, DISTRIBUTION, ETC.
Place of publication, distribution, etc. London
Name of publisher, distributor, etc. Management Update
Date of publication, distribution, etc. 1985
300 ## - PHYSICAL DESCRIPTION
Extent 132p. : ill
350 ## - PRICE (NR) (BK AM CF MU VM SE) [OBSOLETE]
Price 0.00
995 ## - RECOMMENDATION 995 [LOCAL, UNIMARC FRANCE]
-- 0.00
-- CBU-MAIN LIBRARY (Kitwe)
-- 1
-- 9.95
-- AVAILABLE
-- Main Library Open Access Collection
Holdings
Withdrawn status Lost status Source of classification or shelving scheme Damaged status Not for loan Home library Current library Shelving location Date acquired Total Checkouts Full call number Barcode Date last seen Price effective from Koha item type
          CBU-MAIN LIBRARY, KITWE. CBU-MAIN LIBRARY, KITWE.   11/30/2022   HA 29 Sey 000249 11/30/2022 11/30/2022 MONOGRAPH